5 meilleurs buteurs par pays #2 - Statistiques

Statistiques générales
  • Ce quiz a été pris 207 fois
  • Le résultat moyen est 12 sur 25
Statistiques - réponses
Nationalité Club Nombre de buts Joueur % Correct
Brésilien Paris Saint Germain 77 Neymar
99%
Argentin Inter Miami 102 Messi
96%
Brésilien Retraité 77 Pelé
96%
Belge Real Madrid 33 Hazard
94%
Brésilien Retraité 62 Ronaldo
94%
Belge Inter Milan 72 Lukaku
93%
Néerlandais Atletico Madrid 44 Depay
70%
Argentin Retraité 32 Maradona
69%
Néerlandais Retraité 50 Van Persie
64%
Italien Retraité 35 Riva
62%
Argentin Retraité 41 Aguero
53%
Italien Retraité 27 Del Piero
53%
Argentin Retraité 55 Batistuta
46%
Argentin Retraité 35 Crespo
40%
Brésilien Retraité 55 Romario
39%
Italien Retraité 27 Baggio
37%
Brésilien Retraité 48 Zico
29%
Néerlandais Retraité 37 Bergkamp
22%
Néerlandais Retraité 40 Kluivert
18%
Italien Retraité 33 Meazza
11%
Néerlandais Retraité 42 Huntelaar
10%
Belge Retraité 29 Wilmots
7%
Italien Retraité 30 Piola
3%
Belge Retraité 30 Van Himst
2%
Belge Retraité 30 Voorhoof
2%
Aucun quiz correspondant
Distribution des résultats
% des personnes avec chaque résultat
Percentile par nombre de réponses
Votre historique - résultats
Vous n’avez pas pris ce quiz